Από τον κόσμο και το έργο του Ομήρου

Αποθηκεύτηκε σε:
Λεπτομέρειες βιβλιογραφικής εγγραφής
Κύριος συγγραφέας: Schadewaldt, Wolfgang, 1900-1974
Άλλοι συγγραφείς: Κακριδής, Φάνης Ι., 1933-2019 (Μεταφραστής)
Μορφή: Βιβλίο
Γλώσσα:Greek
German
Δημοσίευση: Αθήνα : Μορφωτικό Ίδρυμα Εθνικής Τραπέζης, 1983, 1989.
Έκδοση:3η εκδ.
Θέματα:
Ετικέτες: Προσθήκη ετικέτας
Δεν υπάρχουν, Καταχωρήστε ετικέτα πρώτοι!

MARC

LEADER 00000cam a2200000 i 4500
001 1/85486
008 960910m19831989gr | || |||| ||gre||
035 |a 1992  |b 1  |c Σκούρτου  |l 10034711 
035 |a 1998  |b 1  |c ΚΠΣ/ΝΗΠΙΑΓΩΓΩΝ 
040 |a GR-MY-UA  |b gre  |e aacr 
041 1 |a gre  |h ger 
082 7 |a 882   |2 (22) 
100 1 |a Schadewaldt, Wolfgang,   |d 1900-1974. 
245 1 0 |a Από τον κόσμο και το έργο του Ομήρου /   |c Wolfgang Schadewaldt ; μετάφραση: Φάνης Ι. Κακριδής.  
250 |a 3η εκδ.  
260 |a Αθήνα :   |b Μορφωτικό Ίδρυμα Εθνικής Τραπέζης,   |c 1983, 1989.  
300 |a 2 τ. ;   |c 24 εκ.  
500 |a Τίτλος πρωτοτύπου: Von homers welt und werk.  
505 0 |a Τ.1. Το Ομηρικό ζήτημα -- τ.2. Ομηρικές σκηνές  
600 0 0 |a Όμηρος,   |d 8ος αι. π.Χ.  |x Appreciation  |z United States. 
700 1 |a Κακριδής, Φάνης Ι.,   |d 1933-2019,  |e trl 
740 3 |a Το Ομηρικό ζήτημα 
740 0 |a Ομηρικές σκηνές 
852 |a INST  |b RHODES  |e 19960910  |h 882 SCH  |p 005400008649  |q 005400008649  |t BK  |y 0  |z τ.2 
852 |a INST  |b RHODES  |e 19960910  |h 882 SCH  |p 005400008650  |q 005400008650  |t BK  |y 0  |z τ.1 
852 |a INST  |b RHODES  |e 19980430  |h 882 SCH  |p 005400010705  |q 005400010705  |t BK  |y 0  |z τ.2 
852 |a INST  |b RHODES  |e 19980430  |h 882 SCH  |p 005400010706  |q 005400010706  |t BK  |y 0  |z τ.1 
852 |a INST  |b RHODES  |e 19960910  |h 882 SCH  |p 005400008649  |q 005400008649  |t BK  |v τ.2:  |y 0  |z τ.2 
852 |a INST  |b RHODES  |e 19960910  |h 882 SCH  |p 005400008650  |q 005400008650  |t BK  |v τ.1:  |y 0  |z τ.1 
852 |a INST  |b RHODES  |e 19980430  |h 882 SCH  |p 005400010705  |q 005400010705  |t BK  |v τ.2:  |y 0  |z τ.2 
852 |a INST  |b RHODES  |e 19980430  |h 882 SCH  |p 005400010706  |q 005400010706  |t BK  |v τ.1:  |y 0  |z τ.1 
853 |a INST  |b RHODES  |h 882 SCH 
909 |a Ρ  |b 021929 
909 |a Ρ  |b 021930 
909 |a Ρ  |b 053690 
909 |a Ρ  |b 053691 
970 |z 10/09/1996